| 000 | 00537nmm a2200169Ia 4500 | ||
|---|---|---|---|
| 008 | 251105s9999||||xx |||||||||||||||||und|| | ||
| 020 | _a8474857155 | ||
| 041 | _aspa | ||
| 100 | _aVelasco, Demetrio | ||
| 245 | 0 | _aDerechos Humanos y Doctrina Social de la Iglesia: del anatema al diálogo | |
| 264 |
_a[Madrid, España] : _bUniversidad de Deusto, _c2000 |
||
| 300 | _a89 páginas | ||
| 490 | _aAzul - Cuadernos de Teología Deusto | ||
| 650 | _aReligion(s) | ||
| 856 | _uhttps://public.digitaliapublishing.com/a/17883 | ||
| 942 | _cCF | ||
| 999 |
_c73291 _d73291 |
||